00290pab a2200121 454500008004000000100001900040245005000059260000900109300000900118362001100127650001900138773001100157180718b1988 xxu||||| |||| 00| 0 eng d aSail, Rajendra aTruth about rehabiliation of bonded labourers c1988 a30-1 a1 Jan. aLabour, Bonded aYojana